BIBLIOTECA PODER JUDICIAL
Portal Judicial TDF

El plazo razonable : (Registro nro. 6166)

000 -LEADER
fixed length control field 01224nabaa22002177a 4500
003 - CONTROL NUMBER IDENTIFIER
control field OSt
005 - DATE AND TIME OF LATEST TRANSACTION
control field 20260123210750.0
008 - FIXED-LENGTH DATA ELEMENTS--GENERAL INFORMATION
fixed length control field 190701b xxu||||| |||| 00| 0 spa d
040 ## - CATALOGING SOURCE
Transcribing agency PJ
100 ## - MAIN ENTRY--PERSONAL NAME
9 (RLIN) 6910
Personal name Oby, Cristian Gustavo
245 13 - TITLE STATEMENT
Title El plazo razonable :
Remainder of title sus implicancias en el procedimiento administrativo disciplinario de acuerdo con las directivas constitucionales y convencionales /
Statement of responsibility, etc Cristian Gustavo Oby.
300 ## - PHYSICAL DESCRIPTION
Extent p. 208-255
500 ## - GENERAL NOTE
General note Cita: TR LALEY AR/DOC/364/2024
505 ## - FORMATTED CONTENTS NOTE
Formatted contents note Sumario: I. Introducción.— II. Procedimiento administrativo general: injerencia de sus principios y normativa sobre el instituto del plazo razonable.— III. Procedimiento administrativo especial disciplinario: finalidad y principios.— IV. El plazo razonable.—V. Conclusiones.— VI. Bibliografía complementaria.
505 ## - FORMATTED CONTENTS NOTE
Title ¿Te interesa el texto completo? Comunicate al correo: koha@justierradelfuego.gov.ar
650 #0 - SUBJECT ADDED ENTRY--TOPICAL TERM
9 (RLIN) 211
Topical term or geographic name as entry element DERECHO ADMINISTRATIVO
650 #0 - SUBJECT ADDED ENTRY--TOPICAL TERM
9 (RLIN) 1135
Topical term or geographic name as entry element PROCEDIMIENTO ADMINISTRATIVO
650 #0 - SUBJECT ADDED ENTRY--TOPICAL TERM
9 (RLIN) 6132
Topical term or geographic name as entry element CONTROL DE CONVENCIONALIDAD
773 0# - HOST ITEM ENTRY
Host Biblionumber 2842
Host Itemnumber 3251
Place, publisher, and date of publication Buenos Aires : AbeledoPerrot, 2012-
Other item identifier DA121
Title Derecho administrativo. Nº 152 marzo/abril 2024
International Standard Book Number 18510590
942 ## - ADDED ENTRY ELEMENTS (KOHA)
Source of classification or shelving scheme
Koha item type Analítica Artículo de Revista

No hay ítems disponibles.

12 de Octubre 789 Ushuaia - Tel:  54(02901)441571
Horario de Atención: 8.00 a 17.00 hs. 
bibliotecaush@justierradelfuego.gov.ar
koha@justierradelfuego.gov.ar
Seguinos en nuestras redes @bibliojustdf 

Con tecnología Koha